拼音以S开头的国家 Countries pinyin starting with S - Statistics

General Stats
  • This quiz has been taken 52 times
  • The average score is 17 of 21
Answer Stats
国家 % Correct
斯里兰卡
89%
塞内加尔
86%
斯洛伐克
86%
苏丹
86%
索马里
86%
塞尔维亚
84%
斯洛文尼亚
84%
苏里南
84%
萨尔瓦多
82%
塞拉利昂
82%
圣卢西亚
82%
圣马力诺
82%
斯威士兰
82%
圣多美和普林西比
80%
圣基茨和尼维斯
80%
塞浦路斯
77%
塞舌尔
77%
所罗门群岛
77%
圣文森特和格林纳丁斯
75%
沙特阿拉伯
73%
萨摩亚
66%
No matching quizzes found
Score Distribution
Percent of People with Each Score
Percentile by Number Answered
Your Score History
You have not taken this quiz